000 00620nam a2200253Ia 4500
005 20260121161026.0
008 008 260114s9999 xx 000 0 eng d
020 _a9780203932667
037 _aEBOOK
040 _aCRL
040 _beng
040 _cCRL
041 _2eng
041 _aeng
084 _qCRL
100 _a Terry Lovell
_91039272
245 0 _a(Mis)recognition, Social Inequality and Social Justice
260 _bTaylor and Francis
260 _c2007
856 _uhttp://www.taylorfrancis.com/books/9780203932667
942 _cEBOOK
999 _c1606088
_d1606088